<?xml version="1.0" encoding="UTF-8"?>
<record
    xmlns:xsi="http://www.w3.org/2001/XMLSchema-instance"
    xsi:schemaLocation="http://www.loc.gov/MARC21/slim http://www.loc.gov/standards/marcxml/schema/MARC21slim.xsd"
    xmlns="http://www.loc.gov/MARC21/slim">

  <leader>02854nam a22002897a 4500</leader>
  <controlfield tag="005">20220316113649.0</controlfield>
  <controlfield tag="008">220316b           ||||| |||| 00| 0 eng d</controlfield>
  <datafield tag="020" ind1=" " ind2=" ">
    <subfield code="a">9781138300002</subfield>
  </datafield>
  <datafield tag="040" ind1=" " ind2=" ">
    <subfield code="c">Aloy</subfield>
  </datafield>
  <datafield tag="041" ind1=" " ind2=" ">
    <subfield code="a">eng</subfield>
  </datafield>
  <datafield tag="082" ind1=" " ind2=" ">
    <subfield code="2">23</subfield>
    <subfield code="a">519.5</subfield>
    <subfield code="b">WALS</subfield>
  </datafield>
  <datafield tag="100" ind1=" " ind2=" ">
    <subfield code="a">Derek K Waller</subfield>
    <subfield code="9">23875</subfield>
  </datafield>
  <datafield tag="245" ind1=" " ind2=" ">
    <subfield code="a">Statistics for business</subfield>
  </datafield>
  <datafield tag="250" ind1=" " ind2=" ">
    <subfield code="a">2nd ed.</subfield>
  </datafield>
  <datafield tag="260" ind1=" " ind2=" ">
    <subfield code="a">London</subfield>
    <subfield code="b">Routledge</subfield>
    <subfield code="c">2017</subfield>
  </datafield>
  <datafield tag="300" ind1=" " ind2=" ">
    <subfield code="a">xxvi,646 p.</subfield>
    <subfield code="b">PB</subfield>
    <subfield code="c">24x17 cm.</subfield>
  </datafield>
  <datafield tag="365" ind1=" " ind2=" ">
    <subfield code="2">Statistics</subfield>
    <subfield code="a">6321</subfield>
    <subfield code="b">600.00</subfield>
    <subfield code="c">&#x20B9;</subfield>
    <subfield code="d">750.00</subfield>
    <subfield code="e">20%</subfield>
    <subfield code="f">08-03-2022</subfield>
  </datafield>
  <datafield tag="520" ind1=" " ind2=" ">
    <subfield code="a">Statistics for Business explains the fundamentals of statistical analysis in a lucid, pragmatic way. A thorough knowledge of statistics is essential for decision making in all corners of business and management. By collecting, organizing and analyzing statistical data you can express what you know, benchmark your current situation, and estimate future outcomes.
Based entirely on Microsoft Excel, this book covers a spectrum of statistic fundamentals from basic principles, to probability, sampling, hypothesis testing, forecasting, statistical process control and six-sigma management. This second edition is packed with features to aid understanding and help ensure that every aspect of your knowledge of statistics is applicable to practice, including:
Icebreakers introducing each chapter that relate statistics to the real world, drawn from management and hospitality situations
Detailed worked examples in each chapter
Over 140 case-exercises complete with objective, situation, requirements, and answers
A complete glossary of key terminology and formulas, mathematical relationships, and Excel relationships and functions
A brand new companion website containing slides, worked-out-solutions to the case-exercises, and a test bank [coming soon]
With a clear and accessible style this book makes statistics easier to understand. It is ideal for business, management, tourism and hospitality students who want to learn how to apply statistics to the real world.
Table of Contents
1. Characterizing and Defining Data 2. Presenting and Organizing Data  3. Essentials of Probability and Counting Rules  4. Discrete Data and Probability  5. Continuous Distributions and Probability  6. Methods and Theory of Statistical Sampling  7. Estimating Population Characteristics  8. Hypothesis Testing From a Single Population  9. Hypothesis Testing From Different Populations  10. Forecasting From Correlated Data  11. Business Decisions and Risk  12. Statistical Process Control, SPC  13. Six-Sigma Management</subfield>
  </datafield>
  <datafield tag="650" ind1=" " ind2=" ">
    <subfield code="a">Statistical Data</subfield>
    <subfield code="9">23863</subfield>
  </datafield>
  <datafield tag="650" ind1=" " ind2=" ">
    <subfield code="a">Presenting and Organizing Data</subfield>
    <subfield code="9">23864</subfield>
  </datafield>
  <datafield tag="650" ind1=" " ind2=" ">
    <subfield code="a">Probability</subfield>
    <subfield code="9">23865</subfield>
  </datafield>
  <datafield tag="650" ind1=" " ind2=" ">
    <subfield code="a">Statistical Sampling</subfield>
    <subfield code="9">23866</subfield>
  </datafield>
  <datafield tag="650" ind1=" " ind2=" ">
    <subfield code="a">Hypothesis Testing</subfield>
    <subfield code="9">23867</subfield>
  </datafield>
  <datafield tag="650" ind1=" " ind2=" ">
    <subfield code="a">Six-sigma Management</subfield>
    <subfield code="9">23868</subfield>
  </datafield>
  <datafield tag="700" ind1=" " ind2=" ">
    <subfield code="a">WALLER (Derek L)</subfield>
    <subfield code="9">23869</subfield>
  </datafield>
  <datafield tag="942" ind1=" " ind2=" ">
    <subfield code="2">ddc</subfield>
    <subfield code="c">BK</subfield>
  </datafield>
  <datafield tag="999" ind1=" " ind2=" ">
    <subfield code="c">221905</subfield>
    <subfield code="d">221905</subfield>
  </datafield>
  <datafield tag="952" ind1=" " ind2=" ">
    <subfield code="0">0</subfield>
    <subfield code="1">0</subfield>
    <subfield code="2">ddc</subfield>
    <subfield code="4">0</subfield>
    <subfield code="7">0</subfield>
    <subfield code="8">SAT</subfield>
    <subfield code="a">AL</subfield>
    <subfield code="b">AL</subfield>
    <subfield code="d">2022-03-10</subfield>
    <subfield code="e">Biblios Book Point, Surathkal, Mangalore-575016</subfield>
    <subfield code="g">600.00</subfield>
    <subfield code="l">0</subfield>
    <subfield code="o">519.5 WALS</subfield>
    <subfield code="p">075636</subfield>
    <subfield code="r">2022-03-16 00:00:00</subfield>
    <subfield code="v">750.00</subfield>
    <subfield code="w">2022-03-16</subfield>
    <subfield code="y">BK</subfield>
  </datafield>
</record>
